000 00634nam a22001937a 4500
005 20180402172237.0
010 _aENG-122438
020 _a9788171393343
_c700.00
035 _aEN-105970
037 _bDBAD/PUB
082 _a270.2
100 _aObaidullah Fahad
245 _aCulture, science and violence :
_cby Obaidullah Fahad
_bthe quranic approach /
260 _aNew Delhi
_bJnanada Prakashan (P&D)
_c2009
270 _a4837/2, 24, Ansari Road, Daryaganj,
_bNew Delhi
_e110002
300 _a255p.
_bill.
_c21cm(Hb)
500 _aInculdes bibliography, glossary [and] index
942 _2ddc
_cEN
_h270.2
_mOBA
999 _c150629
_d150629